000 00513nam a2200181Ia 4500
001 13197
005 20260306163036.0
008 260306t2016||||xx |||||||||||||| ||spa||
041 _aESP
082 _a001.42
_bB45 2016
100 _aBernal Torres, César Augusto
_eAUT
245 0 _aMetodología de la investigación:
_badministración, economía, humanidades y ciencias sociales
260 _c2016
300 _axvi, 384 páginas :
_c25 cm.
650 _aGEN
654 _aCHU
942 _cLIB
_dJUS
_fJUS
_2ddc
_n
999 _c13197
_d13197